| 000 | 01052nam a22002177a 4500 | ||
|---|---|---|---|
| 999 |
_c62803 _d62803 |
||
| 003 | Ge_BSU | ||
| 005 | 20250221124713.0 | ||
| 008 | 250221s1982 ge ||||| |||| 00| 0 geo d | ||
| 041 | _ageo | ||
| 080 | _a611(075.3) : 612(075.3) : 613(075.3) ც-89 | ||
| 100 |
_aცუზმერი, ა.მ. _923674 |
||
| 245 |
_aადამიანი : _bანატომია, ფიზიოლოგია, ჰიგიენა. საშ. სკოლის მე-8 კლ. სახელმძღვ. / _cვ.კ. პარინის რედ. |
||
| 250 | _aმე-15 გადამუშ. გამოც. | ||
| 264 |
_aთბ. : _b განათლება, _c1982. |
||
| 300 |
_a264გვ. : _bილ. ; _c22 სმ. |
||
| 653 | _aადამიანის ანატომია | ||
| 653 | _aადამიანის ფიზიოლოგია | ||
| 653 | _aადამიანის ჰიგიენა | ||
| 700 |
_aპეტრიშინა, ო.ლ., _e ავტორი _924411 |
||
| 942 |
_2udc _cᲬᲘᲒᲜᲘ |
||